000 01228nam a2200253Ia 4500
001 9968
003 GE_BSU
008 181216s||||||||xx |||||||||||||| ||und||
020 _a9789941444203
040 _cGE_BSU
080 _a930.22(479.22)+97(479.22)+27:008
100 _aკაშია,ჯანრი
245 _aტ.Х: უბისი: რენესანსი ურენესანსოდ.წ.1.ნ.2
245 _bქართლის ცხოვრება და ქართველი ერის კავკასიის ქრისტიანული იმპერია
245 _cრედ.ხათუნა თოდუა.
260 _aთბილისი
260 _bქართული ბიოგრაფიული ცენტრი.
260 _c2013
300 _a383გვ.ფოტო.21სმ.
300 _cდანართები გვ.372-383
653 _aუბისი: რენესანსი ურენესანსოდ
653 _aქართლის ცხოვრება და ქართველი ერის კავკასიის ქრისტიანული იმპერია
942 _cBK
999 _c43241
_d43241